Central Library OPAC University of Rajshahi

Techniques of international trade : (Record no. 43278)

MARC details
000 -LEADER
fixed length control field 00858nam a2200265 a 4500
001 - CONTROL NUMBER
control field 43278
003 - CONTROL NUMBER IDENTIFIER
rucl marc code BD-RjUL
005 - DATE AND TIME OF LATEST TRANSACTION
control field 20211209053656.0
008 - FIXED-LENGTH DATA ELEMENTS--GENERAL INFORMATION
fixed length control field 160620s1950 nyuaka 001 0 eng
035 ## - SYSTEM CONTROL NUMBER
System control number (BD-RjUL)43396
040 ## - CATALOGING SOURCE
Original cataloging agency DLC
Transcribing agency WSU
Modifying agency SER
-- UKM
-- UBA
-- MYG
-- BD-RjUL
Language of cataloging eng
041 ## - LANGUAGE CODE
Language code of text/sound track or separate title eng
082 ## - DEWEY DECIMAL CLASSIFICATION NUMBER
Classification number 382
Edition number 23
Author mark and year ROT 1950
090 ## - LOCALLY ASSIGNED LC-TYPE CALL NUMBER (OCLC); LOCAL CALL NUMBER (OCLC)
Classification number (OCLC) (R) ; Classification number, CALL (RLIN) (NR) HF1007
Local cutter number (OCLC) ; Book number/undivided call number, CALL (RLIN) .R6x 1950
100 10 - MAIN ENTRY--PERSONAL NAME
Personal name Rosenthal, Morris S.
Fuller form of name (Morris Sigmund),
Dates associated with a name 1897-1958.
9 (RLIN) 132927
245 10 - TITLE STATEMENT
Title Techniques of international trade :
Remainder of title Revision of Technical procedure in exporting and importing /
Statement of responsibility, etc. by Morris S. Rosenthal
250 ## - EDITION STATEMENT
Edition statement Inter. stu. ed.
260 ## - PUBLICATION, DISTRIBUTION, ETC. (IMPRINT)
Place of publication, distribution, etc. New York :
Name of publisher, distributor, etc. McGraw-Hill,
Date of publication, distribution, etc. 1950
300 ## - PHYSICAL DESCRIPTION
Pagination xv, 554 p. :
Illustrations ill. ;
Size 24 cm.
500 ## - GENERAL NOTE
General note Includes index
650 #0 - SUBJECT ADDED ENTRY--TOPICAL TERM
Topical term or geographic name as entry element Commerce.
9 (RLIN) 132928
Topical term or geographic name as entry element International trade
9 (RLIN) 131855
942 ## - ADDED ENTRY ELEMENTS (KOHA)
Source of classification or shelving scheme Dewey Decimal Classification
Koha item type Books
Holdings
Lost status Source of classification or shelving scheme Damaged status Not for loan Collection code Permanent Location Current Location Shelving location Date acquired Source of acquisition Cost, normal purchase price Total Checkouts Full call number Date last seen Copy number Koha item type
  Dewey Decimal Classification     Non-fiction Central Library, University of Rajshahi Central Library, University of Rajshahi   24/04/1964 Book centre lahore 14.20   382 ROT 1950 20/06/2016 C-2 Books
  Dewey Decimal Classification     Non-fiction Central Library, University of Rajshahi Central Library, University of Rajshahi   08/02/1967 Royal book centre 18.75   382 ROT 1950 20/06/2016 C-3 Books
  Dewey Decimal Classification     Non-fiction Central Library, University of Rajshahi Central Library, University of Rajshahi   12/11/1965 Zeitlinger 40.00   382 ROT 1950 20/06/2016 C-4 Books
  Dewey Decimal Classification     Non-fiction Central Library, University of Rajshahi Central Library, University of Rajshahi   08/02/1967 Royal book centre 18.75   382 ROT 1950 20/06/2016 C-5 Books
  Dewey Decimal Classification     Non-fiction Central Library, University of Rajshahi Central Library, University of Rajshahi   11/10/1955 Akib book com 34.20   382 ROT 1950 21/06/2016 C-6 Books
  Dewey Decimal Classification   Not For Loan Non-fiction Central Library, University of Rajshahi Central Library, University of Rajshahi Reading Room 05/07/1955 Forcus Publication, Dacca 26.00   382 ROT 1950 04/01/2017 C-1 Books